Handbook of Aboriginal American Antiquities / (Record no. 80740)

MARC details
000 -LEADER
campo de control de longitud fija 00594nam a2200181 i 4500
001 - NÚMERO DE CONTROL
campo de control 80740
003 - IDENTIFICADOR DE NÚMERO DE CONTROL
campo de control ES-MaACL
005 - FECHA Y HORA DE LA ÚLTIMA TRANSACCIÓN
campo de control 20230906174303.0
007 - CAMPO FIJO DE DESCRIPCIÓN FÍSICA--INFORMACIÓN GENERAL
campo de control de longitud fija t|
008 - DATOS DE LONGITUD FIJA--INFORMACIÓN GENERAL
campo de control de longitud fija 041029s1919 xxu ||||1| eng d
100 1# - ENTRADA PRINCIPAL--NOMBRE DE PERSONA
Nombre de persona Holmes, W. H.
9 (RLIN) 64063
245 10 - MENCIÓN DEL TÍTULO
Título Handbook of Aboriginal American Antiquities /
Mención de responsabilidad, etc. by W.H. Holmes, Bureau of American Ethnology.
260 ## - PUBLICACIÓN, DISTRIBUCIÓN, ETC.
Lugar de publicación, distribución, etc. Washington :
Nombre del editor, distribuidor, etc. Government Printing Office,
Fecha de publicación, distribución, etc. 1919.
300 ## - DESCRIPCIÓN FÍSICA
Extensión XVII, 380 p. :
Otras características físicas il. ;
Dimensiones 24 cm.
500 ## - NOTA GENERAL
Nota general Es el t. I.
710 2# - ENTRADA AGREGADA--NOMBRE DE ENTIDAD CORPORATIVA
Nombre de entidad corporativa o nombre de jurisdicción como elemento de entrada Smithsonian Institution.
Unidad subordinada Bureau of American Ethnology.
9 (RLIN) 6625
852 ## - LOCALIZACIÓN
Ubicación ES-MaACL
Número de control de estantería G-15411
Holdings
Estatus retirado Estado de pérdida Estado de daño No para préstamo Biblioteca de origen Biblioteca actual Ubicación en estantería Fecha de adquisición Fuente de adquisición Total de préstamos Signatura topográfica completa Código de barras Visto por última vez Precio de reemplazo Tipo de ítem Koha
        Biblioteca del Ateneo de Madrid Biblioteca del Ateneo de Madrid Sala Pecera Planta 3 17/01/2008     G-15411 1084414 23/02/2023 23/02/2023 Libro impreso